|
|
|
|
| LEADER |
00913nam a2200241 a 4500 |
| 001 |
676411 |
| 008 |
120612r19961994enka b 001 0 eng d |
| 010 |
|
|
|a 95115768
|
| 020 |
|
|
|a 0582234972 (pbk)
|
| 040 |
|
|
|a Uk
|c Uk
|d MoSW
|d DLC
|d BD-DhAAL
|
| 042 |
|
|
|a lccopycat
|
| 050 |
0 |
0 |
|a HM101
|b .R447 1994
|
| 082 |
0 |
0 |
|a 303.4
|2 20
|
| 245 |
0 |
0 |
|a Rethinking social development :
|b theory, research, and practice /
|c edited by David Booth.
|
| 260 |
|
|
|a Harlow :
|b Longman Scientific & Technical,
|c c1994 [reprinted 1996].
|
| 300 |
|
|
|a xv, 319 p. :
|b ill. ;
|c 24 cm.
|
| 504 |
|
|
|a Includes bibliographies and index.
|
| 541 |
|
|
|e 00025392
|
| 650 |
|
0 |
|a Social change.
|
| 700 |
1 |
|
|a Booth, David,
|d 1945-
|
| 852 |
1 |
|
|a Ayesha Abed Library
|c General shelf.
|
| 999 |
|
|
|c 12390
|d 12390
|
| 952 |
|
|
|0 0
|1 0
|2 ddc
|4 0
|6 303_400000000000000_RET
|7 0
|9 20493
|a BRACUL
|b BRACUL
|c GEN
|d 2012-06-13
|g 16750.00
|l 0
|o 303.4 RET
|p 3010025392
|r 2012-06-13
|t 1
|w 2012-06-13
|y BK
|